Answers End in "-gma" - Statistics

General Stats
  • This quiz has been taken 151 times
    45 since last reset
  • The average score is 5 of 9
Answer Stats
Hint Answer % Correct
Molten rock magma
98%
A mystery enigma
88%
18th letter of the Greek alphabet sigma
86%
Principles laid down by authority as incontrovertibly true dogma
77%
A mark of disgrace stigma
65%
A sebaceous secretion in the folds of the skin smegma
42%
Sophomoric internet meme; perhaps a fictitious disease ligma
35%
Popular cloud-based interface design tool Figma
12%
Rhetorical device in which one word links two different ideas zeugma
9%
No matching quizzes found
Score Distribution
Percent of People with Each Score
Percentile by Number Answered
Your Score History
You have not taken this quiz since the last reset